| 000 | 01836nam a22004337a 4500 | ||
|---|---|---|---|
| 003 | OSt | ||
| 005 | 20230413145434.0 | ||
| 008 | 221006b |||||||| |||| 00| 0 eng d | ||
| 040 | _cBiblioteca Lado V | ||
| 082 |
_a700 _bK41a |
||
| 100 |
_9799 _aRuiz, Margarita _eeditor _edirector |
||
| 245 |
_aArte Cubano/ _bRevista de Artes Visuales/ |
||
| 260 |
_bConsejo Nacional de las Artes Plasticas _c1996 _aCuba |
||
| 300 |
_c21x28cm _a96p. |
||
| 366 | _espa | ||
| 490 |
_v1996 _a2 _x1024 8439 |
||
| 505 | _tAmelia antes de Amelia | ||
| 505 | _tUna poética gráfica insular | ||
| 505 | _tVolumenes y leyendas | ||
| 505 | _tEl cubano es ritmo | ||
| 505 | _tRetos para un Salón de Arte Contemporáneo | ||
| 505 | _tPensar el arte | ||
| 505 | _tHilda y Manuel: Vidal por dos | ||
| 505 |
_tRuta Critica _aHecho por Brito Las coordenadas de Ibrahim Muerte del utopico y suerte de la utopia El sabor de los frutos verdes Apropiaciones de Cosme Partir la luna en dos |
||
| 505 |
_tPatrimonio _aUn seguidor de Goya en el Palacio de Bellas Artes |
||
| 505 |
_tLecturas _aGlaize mira La Habana Nuestro Fabelo |
||
| 505 |
_tMemorias _aBenito Ortiz Cubanos en New York Premio de la Bienal de Cleveland |
||
| 505 | _tResumenes | ||
| 650 |
_2Tesauro de Arte & Arquitectura _aARTE _9703 |
||
| 650 |
_2Tesauro de Arte & Arquitectura _aEXPOSICIONES |
||
| 650 |
_2Tesauro de Arte & Arquitectura _aBIENAL |
||
| 650 |
_2Tesauro de Arte & Arquitectura _aAPRECIACION |
||
| 650 |
_2Tesauro de Arte & Arquitectura _aTEORIA |
||
| 650 |
_2Tesauro de Arte & Arquitectura _aCRITICA |
||
| 650 |
_2Tesauro de Arte & Arquitectura _aFOTOGRAFIA _9702 |
||
| 650 |
_2Tesauro de Arte & Arquitectura _aLITERATURA |
||
| 650 |
_2Tesauro de Arte & Arquitectura _aCUBANO |
||
| 942 |
_2ddc _c1 _h701.18 _iR934a _n0 |
||
| 999 |
_c3376 _d3376 |
||